000 00345nam a2200157Ia 4500
100 _aAkin/J.E
650 _aFEM
942 _cRB
366 _f20
654 _afinite element analysis
245 _aFinite element analysis with error estimators
260 _bElsevier
_c2005
300 _a447
546 _aENGLISH
_cInfo.Tech
999 _c24982
_d24982